Antimperialismo y Nación

Guardat en:
Dades bibliogràfiques
Autor principal: Ingenieros, José
Format: Text
Publicat: México D.F: Siglo Veintiuno
Etiquetes: Afegir etiqueta
Sense etiquetes, Sigues el primer a etiquetar aquest registre!

MARC

LEADER 00000 a a2200000 04500
001 25278
003
040
020 |a 968-23-0508  
090 |a 180900  
100 |a Ingenieros, José  
245 |a Antimperialismo y Nación  
260 |a México D.F:   |b Siglo Veintiuno  
300 |a 529 p  
999 |c 12280  |d 12280